000 00661nam a2200217 a 4500
001 000025863
005 20200930024116.0
008 110223s1965 sp a r 000 0 spa d
040 _aDO-SdBNP
_bspa
_cBNPHU
041 1 7 _aspa
_hfre
_2Código de idiomas MARC
082 _ann*
_bnn*
100 1 _aReynal, C.
_952705
240 1 4 _aLes ressorts.
_lEspañol
245 1 0 _aEstudio y calculo de muebles /
_cC. Reynal.
260 _aBarcelona :
_bHispano Europea,
_c1965.
300 _a282 p. :
_bil. ;
_c21 cm.
490 1 _aBiblioteca Técnica
534 _aTítulo de la edición original :
_tLes ressorts
830 0 _aBiblioteca Técnica
_949000
049 _aBNGR
999 _c25355
_d25355